Computers and writing : state of the art
Αποθηκεύτηκε σε:
| Άλλοι συγγραφείς: | , |
|---|---|
| Μορφή: | Βιβλίο |
| Γλώσσα: | English |
| Δημοσίευση: |
Oxford : Dordrecht :
Intellect, Kluwer Academic Publishers,
1992
|
| Θέματα: | |
| Ετικέτες: |
Προσθήκη ετικέτας
Δεν υπάρχουν, Καταχωρήστε ετικέτα πρώτοι!
|
MARC
| LEADER | 00000nam a2200000 i 4500 | ||
|---|---|---|---|
| 001 | 1/86916 | ||
| 008 | 990721s1992 eng d | ||
| 020 | |a 0-7923-1858-7 | ||
| 035 | |l 10052179 | ||
| 040 | |a GR-MY-UA |b gre |e aacr | ||
| 041 | 0 | |a eng | |
| 082 | 0 | |a 808.020285 | |
| 245 | 1 | 0 | |a Computers and writing : |b state of the art / |c edited by Patrik O'Brian Holt, Noel Williams |
| 260 | |a Oxford : |a Dordrecht : |b Intellect, |b Kluwer Academic Publishers, |c 1992 | ||
| 300 | |a 387 p. | ||
| 650 | 0 | 0 | |a Authorship |x Data processing. |
| 700 | 1 | |a Holt, Patrik |d 1951- |4 edt | |
| 700 | 1 | |a Williams, Noel. |4 edt | |
| 852 | |a INST |b RHODES |e 19990721 |h 808.020285 HOL |p 005400014508 |q 005400014508 |t BK |y 0 | ||
| 901 | |a BIBL4-1999-2 | ||
| 909 | |a Ρ |b 065758 | ||
| 922 | |a 4ΕΛΗ |b 199905 |c ΚΠΣ/154 |d LEADER | ||
| 970 | |z 1999/07/21 |a ΚΟΥΛΑΚΙΟΤΗ |b ΛΙΤΣΑ | ||